Statistics for Councils of Scotland by borders in 20 seconds

Click here to take the quiz!

General Stats

  • This quiz has been taken 26 times
  • The average score is 21 of 32

Answers on the Map

Answers color-coded by a green-red scale on the quiz's map according to % correct below.
 

Answer Stats

Council% Correct
Scottish Borders
100%
Aberdeenshire
90%
Argyll and Bute
90%
Highland
90%
Moray
90%
Perth and Kinross
90%
South Lanarkshire
90%
Clackmannanshire
80%
Dumfries and Galloway
80%
East Lothian
80%
Edinburgh
80%
Midlothian
80%
Renfrewshire
80%
West Dunbartonshire
80%
East Dunbartonshire
70%
East Renfrewshire
70%
Glasgow
70%
North Lanarkshire
70%
Stirling
70%
West Lothian
70%
East Ayrshire
60%
North Ayrshire
60%
South Ayrshire
60%
Angus
50%
Falkirk
50%
Dundee City
40%
Fife
40%
Aberdeen City
30%
Inverclyde
30%
Orkney Islands
30%
Shetland Islands
30%
Na h-Eileanan Siar
10%

Score Distribution

Percentile by Number Answered

Percent of People with Each Score

Your Score History

You have not taken this quiz